[Event "Vsetin op 44th"]
[Site "Vsetin"]
[Date "2019.07.04"]
[Round "7"]
[White "Gnojek, Petr"]
[Black "Belunek, Vladimir"]
[Result "0-1"]
[WhiteElo "2246"]
[BlackElo "2225"]
[PlyCount "90"]
[EventDate "2019.06.29"]
[EventType "swiss"]
[EventRounds "9"]
[EventCountry "CZE"]
[SourceTitle "CBM 191 Extra"]
[Source "ChessBase"]
[SourceDate "2019.09.30"]
[SourceVersion "1"]
[SourceVersionDate "2019.09.30"]
[SourceQuality "1"]

1. d4 Nf6 2. c4 c5 3. d5 e6 4. f3 exd5 5. cxd5 d6 6. e4 g6 7. a4 Bg7 8. Ne2 0-0 9. Nec3 b6 10. Be2 Na6 11. Na3 Nb4 12. Bg5 h6 13. Be3 Ne8 14. 0-0 a6 15. Qd2 Kh7 16. Nc4 a5 17. f4 f5 18. e5 Ba6 19. e6 Bxc4 20. Bxc4 Nf6 21. h3 h5 22. Qe2 Rh8 23. Bf2 Ng8 24. g4 hxg4 25. hxg4 fxg4 26. Qxg4 Nh6 27. Qh3 Bf6 28. Ne4 Kg7 29. Nxf6 Qxf6 30. Rae1 Nf5 31. Qg4 Rae8 32. b3 Nc2 33. Re4 Rh5 34. Be2 Ncd4 35. Bxd4 Nxd4 36. Qg2 Rxd5 37. Re3 Rxe6 38. Rxe6 Qxe6 39. Bc4 Qe3+ 40. Rf2 Rh5 41. Qb7+ Kh6 42. Qg2 Rh3 43. Qg5+ Kg7 44. Kg2 Rh5 45. Qg4 Qe4+ 0-1

[Event "Vsetin op 44th"]
[Site "Vsetin"]
[Date "2019.06.29"]
[Round "1"]
[White "Paseka, Matyas"]
[Black "Belunek, Vladimir"]
[Result "1/2-1/2"]
[WhiteElo "1941"]
[BlackElo "2225"]
[PlyCount "95"]
[EventDate "2019.06.29"]
[EventType "swiss"]
[EventRounds "9"]
[EventCountry "CZE"]
[SourceTitle "CBM 191 Extra"]
[Source "ChessBase"]
[SourceDate "2019.09.30"]
[SourceVersion "1"]
[SourceVersionDate "2019.09.30"]
[SourceQuality "1"]

1. e4 c5 2. Nf3 Nc6 3. d4 cxd4 4. Nxd4 Nf6 5. Nc3 e5 6. Ndb5 d6 7. Bg5 a6 8. Na3 b5 9. Nd5 Be7 10. Bxf6 Bxf6 11. c3 0-0 12. Nc2 Rb8 13. a4 bxa4 14. Rxa4 a5 15. Ra2 Bg5 16. Bc4 Kh8 17. Nce3 g6 18. h4 Bxe3 19. Nxe3 Ne7 20. h5 g5 21. b3 f5 22. Rd2 Rb6 23. Nd5 Nxd5 24. Bxd5 g4 25. Qa1 Qf6 26. exf5 Qxf5 27. h6 a4 28. b4 Ba6 29. Qxa4 g3 30. Qc2 Qg5 31. f3 Rc8 32. Kd1 Bb5 33. Kc1 Bd7 34. Be4 Ra6 35. Kb2 Ba4 36. Qd3 Bb5 37. Qc2 Bc4 38. Kb1 Ra2 39. Qxa2 Bxa2+ 40. Rxa2 Qe3 41. Rc1 Qxh6 42. Ra7 Qd2 43. Rh1 h6 44. Rh7+ Kg8 45. R7xh6 Rxc3 46. Rg6+ Kf7 47. Rh7+ Kf8 48. Rh8+ 1/2-1/2